20 Biggest European Countries With a Map - Statistics

General Stats
  • This quiz has been taken 40 times
  • The average score is 20 of 20
Answers on the Map
Answers color-coded by a green-red scale on the quiz's map according to % correct below.
 
Answer Stats
Country % Correct
Czechia
100%
Finland
100%
France
100%
Germany
100%
Greece
100%
Italy
100%
Norway
100%
Poland
100%
Romania
100%
Russia
100%
Spain
100%
Sweden
100%
UK
100%
Ukraine
100%
Austria
97%
Belarus
97%
Hungary
94%
Portugal
94%
Bulgaria
91%
Iceland
91%
No matching quizzes found
Score Distribution
Percent of People with Each Score
Percentile by Number Answered
Your Score History
You have not taken this quiz